| Поле | Название | Значение |
| |
Тип записи |
i |
| |
Библиографический уровень |
m |
| 001 |
Контрольный номер |
RU/IS/BASE/357747208 |
| 005 |
Дата корректировки |
20201206204803.9 |
| 010 |
Индекс ISBN |
__ |
| d |
Цена |
347-00 |
| 101 |
Язык документа |
__ |
| a |
Язык текста |
rus |
| 200 |
Заглавие и сведения об ответственности |
1_ |
| a |
Заглавие |
Мой бедный Марат |
| e |
Сведения, относящиеся к заглавию |
[радиоспектакль ГТРФ] |
| f |
Первые сведения об ответственности |
А. Арбузов ; в ролях: Крынкин Геннадий [и др.] |
| b |
Общее обозначение материала |
Звукозапись |
| 210 |
Выходные данные |
__ |
| a |
Место издания |
М. |
| c |
Издательство |
Звуковая кн. |
| c |
Издательство |
Аудиотрия |
| c |
Издательство |
Козлова Любовь Николаевна |
| d |
Дата издания |
2009 |
| 215 |
Физическое описание |
__ |
| a |
Объем |
1 электрон. опт. диск (Audio CD) (2 ч. 02 мин.) |
| 225 |
Серия |
__ |
| a |
Серия |
Коллекция радиоспектаклей Гостелерадиофонда |
| v |
Обозначение тома |
диск № 3 |
| 300 |
Общие примечания |
__ |
| a |
Общие примечания |
mp3 ; 192 кбит/с 44 кГц. - Из архива Гостелерадиофонда. - Запись 1967 г. |
| 323 |
Примечание о главных создателях, исполнителях, участниках |
__ |
| a |
Примечание о главных создателях, исполнителях, участниках |
Крынкин, Г. (Марат) |
| a |
Примечание о главных создателях, исполнителях, участниках |
Покровская, А. (Лика) |
| a |
Примечание о главных создателях, исполнителях, участниках |
Майоров, А. (Леонидик) |
| 330 |
Аннотация |
__ |
| a |
Аннотация |
Спектакль по легендарной пьесе знаменитого советского драматурга Алексея Арбузова. Весной 42-го комната полуразрушенного дома стала колыбелью их сложных отношений, замешанных на дружбе и любви. А когда дым войны рассеялся, оказалось, что вовсе не грохот снарядов отпугивал счастье героев. Оно, счастье, так и осталось запертым в периметре любовного треугольника. |
| 333 |
Примечание о целевом назначении |
__ |
| a |
Примечание о целевом назначении |
16+. Для детей старше 16 лет |
| 606 |
Тематические рубрики |
__ |
| a |
Основная рубрика |
Музыка и зрелищные искусства |
| 606 |
Тематические рубрики |
__ |
| a |
Основная рубрика |
Художественное радиовещание |
| 610 |
Ключевые слова |
__ |
| a |
Ключевые слова |
спектакли; радиоспектакли; аудиопостановки; радиопостановки; тема любви; тема жизни; тема молодежи; тема счастья; тема войны; тема дружбы |
| 686 |
Индексы других классификаций |
__ |
| a |
Классификационный индекс |
ст85.38я04 |
| 700 |
Автор |
_1 |
| a |
Фамилия |
Арбузов |
| b |
Имя |
А. Н. |
| g |
Полное личное имя |
Алексей Николаевич |
| 4 |
Код отношения |
070 |
| 801 |
Источник записи |
_0 |
| a |
Страна |
RU |
| b |
Организация |
Муниципальное бюджетное учреждение культуры "Централизованная библиотечная система" г. Сургут (Центральная городская библиотека им. А. С. Пушкина) |
| g |
Правила каталогизации |
КиК/Поспелова |
| 801 |
Источник записи |
_1 |
| a |
Страна |
RU |
| b |
Организация |
Муниципальное бюджетное учреждение культуры "Централизованная библиотечная система" г. Сургут (Центральная городская библиотека им. А. С. Пушкина) |
| g |
Правила каталогизации |
КиК/Поспелова |
| 852 |
Данные о местонахождении |
__ |
| j |
Шифр хранения |
ст85.38я04 |
| i |
Авторский знак |
А 79 |
| 901 |
Тип документа |
__ |
| t |
Тип документа |
0 |
| 903 |
Характеристики (МАРС) |
__ |
| a |
Дата передачи |
20110503 |
| 969 |
Тип издания |
__ |
| a |
Тип издания |
аудиоспектакль |
| 990 |
Данные о заказе (DOS) |
__ |
| j |
Количество экземпляров (DOS) |
1 |
| h |
N записи в КСУ для Б/У (DOS) |
201106 |